Responses for Show #4352 - Tuesday, July 1, 2003

Contestants

[<< previous game]

Tom Guymon, a business manager from Anaheim, California

Debbie Lerner, an attorney from Brookline, Massachusetts

Matt McPherson, a recent MBA graduate from San Francisco, California (whose 1-day cash winnings total $25,200)

[next game >>]

Jeopardy! Round responses

WORLD HERITAGE SITES
(Alex: You have to tell us the country we are describing.)
POLICE LINGO
CAMELS
HOW DO YOU...
TV HOSPITALS
"V"ARIETY
    $200 1
Japan

Tom
    $200 9
search warrant

Matt
    $200 19
Australia

Matt
    $200 16
bake a potato

Tom
    $200 2
Doogie Howser

Tom
    $200 23
Valentine's Day

Tom
    $400 4
Russia

Matt
    $400 12
Rap Sheet

Matt
    $400 20
Mohammed

Tom
    $400 17
juggle

Tom
    $400 3
ER

Matt
    $400 24
Virginia

Tom
    $600 5
Germany

Tom
    $600 13
lie detector

Debbie
    $600 28
Pakistan

Tom
    $600 18
land on an aircraft carrier

Matt
    $600 6
Emergency!

Tom
    $600 25
(Alex: Minute to go.)

Voltaire

Matt
    $800 10
(Matt: What is the Czech Republic?)
(Tom: What is Czechoslovakia?)

Poland

MattTom
Triple Stumper
    $800 14
beat

Matt
    $800 29
Wrangler

Matt
    $800 21
heart transplant

Debbie
    $800 7
General Hospital

Debbie
    $800 26
Cornelius Vanderbilt

Debbie
    $800 11
Indonesia

Matt
    $1000 15
Internal Affairs

Tom
    $1000 30
Bedouins

Debbie
    $1000 22
how you make an engraving

Triple Stumper
    $1000 8
(Debbie: What is St. Elizabeth's?)

St. Eligius

DebbieTom
    $1000 27
vasodilator

Triple Stumper

Scores at the first commercial break (after clue 15):

Matt Debbie Tom
$2,200 $400 $2,800

Scores at the end of the Jeopardy! Round:

Matt Debbie Tom
$4,400 $3,000 $5,000

Double Jeopardy! Round responses

AMERICAN ARTISTS
PLAYING THE PALACE
I NEED MY SPACE
CELEBRITY BOOKS
I WAS HIS VICE PRESIDENT
WHAT'S HE LIKE?
    $400 2
Andy Warhol

Tom
    $400 25
Buckingham Palace

Matt
    $400 3
1969

Tom
    $400 12
Leonard Nimoy

Tom
    $400 1
Lyndon B. Johnson

Matt
    $400 18
Beijing (Peking)

Debbie
    $800 9
Grant Wood

Debbie
    $800 26
Vienna

Matt
    $800 4
orbit

Tom
    $800 14
Ethan Hawke

Tom
    $800 7
Jimmy Carter

Debbie
    $800 19
records

Tom
    $1200 22
(Matt: Who is Peel?)

Gilbert Stuart

MattDebbie
    $1200 27
(Matt: What is the Uffuzi?)

Pitti Palace

MattDebbie
    $1200 5
Saturn

Tom
    $1200 15
Jeff Foxworthy

Tom
    $1200 8
Thomas Jefferson

Matt
    $1200 20
words

Triple Stumper
    $1600 23
Roy Lichtenstein

Triple Stumper
    $1600 28
Istanbul

Triple Stumper
    $1600 6
Yuri Gagarin

Debbie
    $1,600 16
(Tom: Who is Marlo Thomas?)

Mary Tyler Moore

Tom
    $1600 10
James Garfield

Triple Stumper
    $1600 21
O or E (oenophile or enophile)

Debbie
    $2000 24
Jasper Johns

Triple Stumper
    $2000 29
(Matt: What is Versailles?)

Fontainebleau

Matt
Triple Stumper
    $1,000 13
(Tom: Can't come up with that one!)

Magellan/Magellanic Clouds

Tom
    $2000 17
Marlee Matlin

Triple Stumper
    $2000 11
John Quincy Adams

Triple Stumper
    $2000 30
(Alex: They are both filmmakers.)

cinephile

Triple Stumper

Scores at the end of the Double Jeopardy! Round:

Matt Debbie Tom
$2,800 $10,600 $8,400

[wagering suggestions for these scores]

Final Jeopardy! Round responses

THE MOVIES
(Alex: Here with the clue is a celebrated world traveler!)
[Debbie wrote her response down on a card and held it up for everyone to see since she was having trouble with the light pen.]
MattWhat is Out of Africa?
$2,800
TomWhat is Out of Africa?
$2,400
DebbieWhat is African Queen
$6,201
Out of Africa

Final scores:

Matt Debbie Tom
$5,600 $4,399 $10,800
2nd place: $2,000 3rd place: $1,000 New champion: $10,800

Game dynamics:

Coryat scores:

Matt Debbie Tom
$3,000 $10,600 $11,000
14 R
(including 1 DD),
4 W
12 R,
1 W
20 R,
3 W
(including 2 DDs)

Combined Coryat: $24,600

[game] [game scores] [suggest correction]

Game tape date: 2003-03-04
The J! Archive is created by fans, for fans. Scraping, republication, monetization, and malicious use prohibited; this site may use cookies and collect identifying information. See terms. The Jeopardy! game show and all elements thereof, including but not limited to copyright and trademark thereto, are the property of Jeopardy Productions, Inc. and are protected under law. This website is not affiliated with, sponsored by, or operated by Jeopardy Productions, Inc. Join the discussion at JBoard.tv.